Responses for Show #5448 - Wednesday, April 23, 2008

Contestants

[<< previous game]

Tim Wilson, a college professor from DeBary, Florida

Suzanne Cappozzo, a retired educator from Palos Heights, Illinois

Brett Kirwan, a naval officer originally from Avon Lake, Ohio (whose 2-day cash winnings total $35,600)

[next game >>]

Jeopardy! Round responses

1984
L.A. GEOGRAPHY IN POP CULTURE
LOOK OUT BELOW
GARDENING
FUN WITH FASHION
GIVE "P"s A CHANCE
    $200 1
Hillary Clinton

Tim
    $200 16
The Fresh Prince of Bel-Air

Tim
    $200 8
(Tim: What is Greenland?)

Antarctica

BrettTim
    $200 19
bonsai

Tim
    $200 13
Jaclyn Smith

Suzanne
    $200 4
punishment

Tim
    $400 2
Kennedy Space Center

Tim
    $400 17
(Tim: What's Sunset Boulevard?)
(Brett: What is Wilshire Boulevard?)
...
(Alex: Wilshire and Sunset on this side of the hill. [*] in the Valley--the dreaded Valley of no Return--where I live, so don't take it--don't be insulted by that.)
[Laughter]

Ventura Boulevard

BrettTim
Triple Stumper
    $400 9
New Orleans

Suzanne
    $400 20
ladybugs

Brett
    $400 14
Snow White

Brett
    $400 5
Peter

Brett
    $600 3
Margaret Thatcher

Suzanne
    $600 18
Hollywood

Brett
    $600 15
Mount St. Helens

Tim
    $600 21
compost

Brett
    $600 24
punk

Brett
    $600 10
pelt

Brett
    $800 6
Mondale & Ferraro

Brett
    $800 26
Kuwait

Tim
    $800 22
rose hips

Triple Stumper
    $800 25
the Mad Hatter

Tim
    $800 11
Portuguese

Tim
    $1000 7
Indira Gandhi

Tim
    $1000 28
Sunset Strip

Suzanne
    $1000 27
Sri Lanka

Brett
    $1000 23
an orchid

Suzanne
    $1000 29
[The end-of-round signal sounds.]

Manolo Blahnik

Suzanne
    $1000 12
(Brett: What is Paleolithic?)

Paleozoic

BrettSuzanne

Scores at the first commercial break (after clue 15):

Brett Suzanne Tim
$1,400 $2,200 $3,000

Scores at the end of the Jeopardy! Round:

Brett Suzanne Tim
$4,200 $5,200 $4,600

Double Jeopardy! Round responses

1984
(Alex: ...that category is about the famous book.)
MUSICAL INITIALS
FOOD & DRINK
MATHEMATICS
I AM SAM, SAM I AM
THE L"ONE"LIEST NUMBER
    $400 1
Big Brother

Tim
    $400 26
Crosby, Stills, Nash & Young

Brett
    $400 6
bread

Suzanne
    $400 12
(Alex: Right, a marathon.)

26

Tim
    $400 21
Sam Houston

Tim
    $400 11
(Brett: What is a one-handed bandit?)
...
(Alex: Obviously you don't spend a lot of time around slot machines, Brett--and good for you.)

a one-armed bandit

BrettTim
    $1,000 2
1948

Tim
    $800 27
R.E.M.

Tim
    $800 7
beef stroganoff

Suzanne
    $800 13
variables

Tim
    $800 22
Sam Adams

Brett
    $800 15
prone

Tim
    $1200 3
the Thought Police

Tim
    $1200 28
Stone Temple Pilots

Tim
    $1200 8
Bologna

Suzanne
    $1200 14
18

Brett
    $1200 23
Beckett

Brett
    $1200 16
onerous

Brett
    $1600 4
Winston Smith

Tim
    $1600 29
Blue Öyster Cult

Tim
    $1600 9
(Tim: What are knishes?)
...
(Alex: They're known as [*]. They're good.)

latkes

Tim
Triple Stumper
    $2,000 19
a right angle

Brett
    $1600 24
(Samuel) Alito

Brett
    $1600 17
shinbone

Brett
    $2000 5
Eric (Arthur) Blair

Brett
    $2000 30
Bachman-Turner Overdrive

Suzanne
    $2000 10
pineapple

Suzanne
    $2000 20
(Suzanne: What is an isosceles triangle?)

a scalene triangle

Suzanne
Triple Stumper
    $2000 25
Samuel Taylor Coleridge

Triple Stumper
    $2000 18
(Suzanne: What are phonemes?)

phonetics

BrettSuzanne

Scores at the end of the Double Jeopardy! Round:

Brett Suzanne Tim
$17,800 $7,600 $13,600

[wagering suggestions for these scores]

Final Jeopardy! Round responses

21st CENTURY OSCAR WINNERS
(Alex: Was that a guess, or did you know?)
(Suzanne: I think I know it.)
(Alex: You do? She portrayed Katharine Hepburn in the movie The Aviator.)
...
(Alex: [To Suzanne] Way to go, dawg! You're going to Hollywood! Oh, no, that's the wrong show.)
SuzanneWho is Cate Blanchett?
$7,599
TimWho is _____?
$5,199
BrettWho is Theron?
$9,401
Cate Blanchett

Final scores:

Brett Suzanne Tim
$8,399 $15,199 $8,401
3rd place: $1,000 New champion: $15,199 2nd place: $2,000

Game dynamics:

Coryat scores:

Brett Suzanne Tim
$17,400 $7,600 $13,400
20 R
(including 1 DD),
3 W
12 R,
2 W
22 R
(including 2 DDs),
3 W

Combined Coryat: $38,400

[game clues] [game scores] [suggest correction]

Game tape date: 2008-02-12
The J! Archive is created by fans, for fans. Scraping, republication, monetization, and malicious use prohibited; this site may use cookies and collect identifying information. See terms. The Jeopardy! game show and all elements thereof, including but not limited to copyright and trademark thereto, are the property of Jeopardy Productions, Inc. and are protected under law. This website is not affiliated with, sponsored by, or operated by Jeopardy Productions, Inc. Join the discussion at JBoard.tv.